000 00268nam a2200109Ia 4500
005 20251222154328.0
008 251222s9999||||xx |||||||||||||| ||spa||
020 _a0-471-23550-4
082 _a610.730.6/U61
245 0 _aDynamics of nursing administration
942 _cLIB
999 _c34040
_d34040